[Event "IECC KO email"]
[Site "IECC email"]
[Date "2002.01.29"]
[Round "?"]
[White "Hoefer, Hans Peter"]
[Black "Gerasimiuk, Maxim"]
[Result "1-0"]
[WhiteElo "2003"]
[BlackElo "1284"]
[PlyCount "69"]
[EventDate "2002.??.??"]
[EventType "tourn (corr)"]
[EventRounds "6"]
[SourceTitle "Corr 2008"]
[Source "ChessBase"]
[SourceDate "2008.06.24"]
[SourceVersion "1"]
[SourceVersionDate "2008.06.24"]
[SourceQuality "1"]

1. d4 Nf6 2. Bg5 Ne4 3. Bf4 d5 4. e3 e6 5. Bd3 c5 6. c3 Nc6 7. Nd2 Nxd2 8. Qxd2 Bd6 9. Bxd6 Qxd6 10. Nf3 Bd7 11. 0-0 cxd4 12. exd4 0-0-0 13. Rfe1 Kb8 14. Qg5 Rdg8 15. Ne5 Nxe5 16. dxe5 Qc7 17. Rac1 h6 18. Qf4 Bc6 19. b4 Rd8 20. b5 Be8 21. Qg4 g5 22. a4 Qc5 23. Qf3 Bd7 24. c4 Bc8 25. a5 dxc4 26. Bxc4 Qd4 27. Bf1 Qd7 28. Rc2 h5 29. Rec1 g4 30. Qc3 b6 31. axb6 axb6 32. Qe3 Bb7 33. Qxb6 Rc8 34. Rc6 Rhd8 35. Ra1 1-0

[Event "IECC KO email"]
[Site "IECC email"]
[Date "2001.05.26"]
[Round "?"]
[White "Ventimiglia, Charles"]
[Black "Gerasimiuk, Maxim"]
[Result "1-0"]
[WhiteElo "1931"]
[BlackElo "1228"]
[PlyCount "63"]
[EventDate "2001.??.??"]
[EventType "tourn (corr)"]
[EventRounds "6"]
[SourceTitle "Corr 2008"]
[Source "ChessBase"]
[SourceDate "2008.06.24"]
[SourceVersion "1"]
[SourceVersionDate "2008.06.24"]
[SourceQuality "1"]

1. e4 c5 2. Nf3 d6 3. d4 cxd4 4. Nxd4 Nf6 5. f3 e6 6. Nc3 Nc6 7. Be3 Be7 8. Qd2 d5 9. Bb5 Bd7 10. exd5 Nxd5 11. Nxd5 exd5 12. Ne2 0-0 13. Qxd5 Bh4+ 14. g3 Re8 15. 0-0-0 Rxe3 16. Qxd7 Qb6 17. Bxc6 bxc6 18. Nd4 Bf6 19. Qxc6 Qxc6 20. Nxc6 Rxf3 21. Rdf1 Bg5+ 22. Kb1 Rxf1+ 23. Rxf1 g6 24. b4 a6 25. c4 f5 26. a4 a5 27. b5 Be3 28. Kc2 h5 29. Rd1 Kf7 30. Ne5+ Kf6 31. Nd7+ Ke7 32. c5 1-0

[Event "IECC CL6-2001.03"]
[Site "IECC email"]
[Date "2001.01.17"]
[Round "?"]
[White "Brown, Parrish"]
[Black "Gerasimiuk, Maxim"]
[Result "1/2-1/2"]
[WhiteElo "1353"]
[BlackElo "1192"]
[PlyCount "22"]
[EventDate "2001.??.??"]
[EventType "tourn (corr)"]
[EventRounds "4"]
[SourceTitle "Corr 2008"]
[Source "ChessBase"]
[SourceDate "2008.06.24"]
[SourceVersion "1"]
[SourceVersionDate "2008.06.24"]
[SourceQuality "1"]

1. e4 e5 2. Bc4 Nf6 3. d3 Nc6 4. Nc3 Bb4 5. f4 d5 6. exd5 Nxd5 7. Bxd5 Qxd5 8. Nf3 0-0 9. 0-0 Bxc3 10. bxc3 e4 11. dxe4 Qd4+ 1/2-1/2

[Event "IECC CL6-2001.03"]
[Site "IECC email"]
[Date "2001.01.17"]
[Round "?"]
[White "Gerasimiuk, Maxim"]
[Black "Cherner, Lyle"]
[Result "1/2-1/2"]
[WhiteElo "1228"]
[BlackElo "1440"]
[PlyCount "63"]
[EventDate "2001.??.??"]
[EventType "tourn (corr)"]
[EventRounds "4"]
[SourceTitle "Corr 2008"]
[Source "ChessBase"]
[SourceDate "2008.06.24"]
[SourceVersion "1"]
[SourceVersionDate "2008.06.24"]
[SourceQuality "1"]

1. e4 c5 2. Nf3 d6 3. d4 cxd4 4. Nxd4 Nf6 5. Nc3 g6 6. Be3 Bg7 7. f3 0-0 8. Qd2 Nc6 9. Bc4 Bd7 10. h4 Rc8 11. Bb3 Ne5 12. 0-0-0 Nc4 13. Bxc4 Rxc4 14. h5 Nxh5 15. g4 Nf6 16. Nde2 Re8 17. Bh6 Bh8 18. e5 Nxg4 19. fxg4 Bxe5 20. Bf4 Qa5 21. Bxe5 Qxe5 22. Qh6 Qg7 23. Qe3 Rxg4 24. Qxa7 Bc6 25. Rhf1 h5 26. Qe3 Qe5 27. Qf2 Qf5 28. Qxf5 gxf5 29. Rxf5 h4 30. Rg1 Rxg1+ 31. Nxg1 Kg7 32. Rh5 1/2-1/2

[Event "IECC CL6-2001.03"]
[Site "IECC email"]
[Date "2001.01.17"]
[Round "?"]
[White "Gerasimiuk, Maxim"]
[Black "Garcia, Sonny T"]
[Result "1-0"]
[WhiteElo "1178"]
[BlackElo "1136"]
[PlyCount "65"]
[EventDate "2001.??.??"]
[EventType "tourn (corr)"]
[EventRounds "4"]
[SourceTitle "Corr 2008"]
[Source "ChessBase"]
[SourceDate "2008.06.24"]
[SourceVersion "1"]
[SourceVersionDate "2008.06.24"]
[SourceQuality "1"]

1. e4 e6 2. d4 d5 3. Nd2 Nf6 4. e5 Nfd7 5. c3 c5 6. Bd3 Nc6 7. Ne2 cxd4 8. cxd4 f6 9. exf6 Nxf6 10. 0-0 Bd6 11. Nf3 0-0 12. Bg5 Bd7 13. Ng3 Qb6 14. b3 Kh8 15. Be3 Qc7 16. Rc1 Bxg3 17. hxg3 Qd6 18. Re1 Ng4 19. Bf4 Rxf4 20. gxf4 Qxf4 21. Qd2 Qxd2 22. Nxd2 Nxd4 23. Rc7 Bc6 24. Nf3 Nxf3+ 25. gxf3 Nf6 26. Rxe6 Nd7 27. Rexc6 bxc6 28. Rxd7 Rc8 29. Rxa7 c5 30. Rd7 d4 31. a4 Kg8 32. a5 h6 33. a6 1-0

[Event "IECC KO email"]
[Site "IECC email"]
[Date "2001.01.03"]
[Round "?"]
[White "Gerasimiuk, Maxim"]
[Black "Smith, Sid S"]
[Result "1-0"]
[WhiteElo "1199"]
[BlackElo "923"]
[PlyCount "55"]
[EventDate "2001.??.??"]
[EventType "tourn (corr)"]
[EventRounds "6"]
[SourceTitle "Corr 2008"]
[Source "ChessBase"]
[SourceDate "2008.06.24"]
[SourceVersion "1"]
[SourceVersionDate "2008.06.24"]
[SourceQuality "1"]

1. e4 c5 2. Nf3 d6 3. d4 cxd4 4. Nxd4 Nf6 5. Nc3 g6 6. Be3 Bg7 7. f3 0-0 8. Qd2 Nc6 9. Bc4 e5 10. Nxc6 bxc6 11. Rd1 Be6 12. Bxe6 fxe6 13. Qxd6 Qxd6 14. Rxd6 Rab8 15. b3 Rbc8 16. Ke2 c5 17. Rxe6 Rf7 18. Rd1 Rd7 19. Rxd7 Nxd7 20. Nd5 Bf8 21. Ra6 Ra8 22. Nc7 Rd8 23. Rxa7 Kf7 24. Nd5 h6 25. Nb6 Ke6 26. Nxd7 Rxd7 27. Rxd7 Kxd7 28. Kd3 1-0

[Event "IECC KO email"]
[Site "IECC email"]
[Date "2000.08.02"]
[Round "?"]
[White "Gerasimiuk, Maxim"]
[Black "Hakuc, Waclaw"]
[Result "0-1"]
[WhiteElo "1097"]
[BlackElo "1830"]
[PlyCount "46"]
[EventDate "2000.??.??"]
[EventType "tourn (corr)"]
[EventRounds "6"]
[SourceTitle "Corr 2008"]
[Source "ChessBase"]
[SourceDate "2008.06.24"]
[SourceVersion "1"]
[SourceVersionDate "2008.06.24"]
[SourceQuality "1"]

1. d4 d5 2. c4 dxc4 3. e4 b5 4. a4 c6 5. b3 e5 6. d5 Qh4 7. dxc6 Qxe4+ 8. Be2 Nxc6 9. Be3 Nd4 10. Bxd4 exd4 11. Kf1 Bf5 12. Nd2 Qf4 13. g3 Qh6 14. bxc4 b4 15. Bf3 Rd8 16. Qe2+ Be7 17. h4 Bc2 18. Bd5 d3 19. Qf3 Nf6 20. Bc6+ Kf8 21. Qf4 Qxf4 22. gxf4 Rd6 23. f5 Rxc6 0-1